| 000 | 00683nam a22002175i 4500 | ||
|---|---|---|---|
| 001 | 54412 | ||
| 003 | ES-MaACL | ||
| 005 | 20230906162941.0 | ||
| 007 | t| | ||
| 008 | 960722s1880 cu ||||1| spa d | ||
| 040 |
_aCAM _bspa _cCAM |
||
| 100 | 1 |
_aFors, Luis Ricardo. _951817 |
|
| 245 | 1 | 0 |
_aGottschalk / _cpor Luis Ricardo Fors. |
| 260 |
_aHabana : _bLa propaganda literaria, _c1880. |
||
| 300 |
_a444, [8] p., [1] h. de grab. ; _c21 cm. |
||
| 490 | 1 | _aBiblioteca de "La propaganda literaria" | |
| 600 | 1 | 4 |
_aGottschalk, Louis Moreau- _xBiografĂas. _959305 |
| 830 | 0 |
_aBiblioteca de "La propaganda literaria" _9181978 |
|
| 852 |
_aES-MaACL _jF-7042 |
||
| 999 |
_c54412 _d54412 |
||